Les chemins de fer français et la guerre. (Record no. 22330)
[ view plain ]
| 000 -LEADER | |
|---|---|
| fixed length control field | 01036cam a22002651 4500 |
| 001 - CONTROL NUMBER | |
| control field | es 23000279 |
| 003 - CONTROL NUMBER IDENTIFIER | |
| control field | DLC |
| 005 - DATE AND TIME OF LATEST TRANSACTION | |
| control field | 20260227111236.0 |
| 008 - FIXED-LENGTH DATA ELEMENTS--GENERAL INFORMATION | |
| fixed length control field | 810706s1922 fr a 000 0 fre c |
| 010 ## - LIBRARY OF CONGRESS CONTROL NUMBER | |
| LC control number | es 23000279 |
| 035 ## - SYSTEM CONTROL NUMBER | |
| System control number | (OCoLC)7556800 |
| 040 ## - CATALOGING SOURCE | |
| Original cataloging agency | U.S. Engineer School Libr. |
| Transcribing agency | PCarlMH |
| Modifying agency | DLC |
| 042 ## - AUTHENTICATION CODE | |
| Authentication code | premarc |
| 050 00 - LIBRARY OF CONGRESS CALL NUMBER | |
| Classification number | HE3067 |
| Item number | .L47 |
| 100 1# - MAIN ENTRY--PERSONAL NAME | |
| Personal name | Le Hénaff, Joseph Hippolyte Felix. |
| 245 14 - TITLE STATEMENT | |
| Title | Les chemins de fer français et la guerre. |
| Statement of responsibility, etc. | Préface du général Gassouin. Ouvrage contenant 23 croquis, une carte hors texte et 4 planches hors texte. |
| 260 ## - PUBLICATION, DISTRIBUTION, ETC. | |
| Place of publication, distribution, etc. | Paris, |
| Name of publisher, distributor, etc. | Chapelot, |
| Date of publication, distribution, etc. | 1922. |
| 300 ## - PHYSICAL DESCRIPTION | |
| Extent | xiv p., 1l., 276 p. |
| Other physical details | illus., plates, charts (part fold.) |
| Dimensions | 25 cm. |
| 500 ## - GENERAL NOTE | |
| General note | At head of title: Colonel Le Hénaff et capitaine Henri Bornecque. |
| 500 ## - GENERAL NOTE | |
| General note | "Sources consultées": 1 leaf following préface. |
| 650 #0 - SUBJECT ADDED ENTRY--TOPICAL TERM | |
| Topical term or geographic name entry element | World War, 1914-1918 |
| Geographic subdivision | France. |
| 650 #0 - SUBJECT ADDED ENTRY--TOPICAL TERM | |
| Topical term or geographic name entry element | World War, 1914-1918 |
| General subdivision | Transportation. |
| 650 #0 - SUBJECT ADDED ENTRY--TOPICAL TERM | |
| Topical term or geographic name entry element | Railroads |
| Geographic subdivision | France. |
| 700 1# - ADDED ENTRY--PERSONAL NAME | |
| Personal name | Bornecque, Henri, |
| Dates associated with a name | 1871-1935, |
| Relator term | joint author. |
No items available.